00621 2200229 4500001002100000005001700021008004100038020001800079035002400097082000800121090001400129100001900143245007600162250000600238260003800244300002700282504001200309650001600321990001800337990001800355990001800373YOGYA-0411000000142020180126104129.0 ind  a979-9284-73-4 0010-041100000001420 a301 a301 Pur K aPURWANTO, Hari aKebudayaan dan lingkungan dalam perspektif antropologic/ Hari Purwanto a5 aYogjakartabPustaka Pelajarc2010 aX, 30 hlmbilusc21 cm a276-291 aantropologi a52835-PD/B.10 a52836-PD/B.10 a52837-PD/B.10